Dia ayah saya

Bibliographic Details
Main Author: Ruiye
Format: Book
Published: Selangor : TSM Publication & Distributor , 2005
Series:Siri sains kanak-kanak
Subjects:

MARC

LEADER 00000cam a2200000 7i4500
001 0000000604
005 20220105103912.0
008 070702
020 |a 9833276032(set) 
020 |a 9833276067 
090 0 0 |a JP   |b SC MAL (566) 
100 0 |a Ruiye 
245 1 0 |a Dia ayah saya   |c Ruiye 
260 |a Selangor :   |b TSM Publication & Distributor ,   |c 2005 
440 |a Siri sains kanak-kanak 
500 |a Children age 4-6 years old (yellow) 
650 0 |a Science fiction, Malay 
999 |a 0000105473   |b Book   |c Children Collection   |e Cawangan Tmn. Ungku Tun Aminah 
999 |a 0000959778   |b Book   |c Children Collection   |e Cawangan Bukit Gambir 
999 |a 0000959779   |b Book   |c Children Collection   |e Perbadanan Perpustakaan Awam Johor 
999 |a 0000959780   |b Book   |c Children Collection   |e Perbadanan Perpustakaan Awam Johor 
999 |a 0000960653   |b Book   |c Children Collection   |e Perbadanan Perpustakaan Awam Johor 
999 |a 0000960654   |b Book   |c Children Collection   |e Cawangan Bukit Gambir 
999 |a 0000989336   |b Book   |c Children Collection   |e Cawangan Segamat 
999 |a 0000989338   |b Book   |c Children Collection   |e Cawangan Bandar Penawar 
999 |a 0001054738   |b Book   |c Children Collection   |e Cawangan Tmn. Ungku Tun Aminah 
999 |a 0001054739   |b Book   |c Children Collection   |e Cawangan Taman Universiti 
999 |a 0001151610   |b Book   |c Children Collection   |e Cawangan Pontian